000 01020nam a2200289 a 4500
001 BRCA_7105
005 20190321142931.0
008 271211s19451951enk#######---#000-0#eng-#
041 _aeng
044 _aenk
050 4 _b.N38 1 1945-1951
110 2 _aDavies, Martin
_917662
245 1 0 _aNational Gallery Catalogues
_cby Martin Davies
260 _aLondres
_bTrustees
_c1945-1951
300 _a4 v.
_c25 cm.
500 _aInicio de la publicación 1945
500 _aVer también O189 y O190
500 _aO117
505 0 _aContenido: v.1. Early Netherlandish school (1946).-- v.2. French school (1946).-- v.3. British school (1946).-- v.4. Earlier Italian schools (1951).
650 1 4 _aPintura flamenca
_vCatálogos
_912156
650 1 4 _aPintura francesa
_vCatálogos
_zInglaterra - Londres
_917663
650 1 4 _aPintura británica
_vCatálogos
_917664
650 1 4 _aPintura italiana
_vCatálogos
_95084
650 1 4 _aNational Gallery (Great Britain)
_vCatálogos
_917665
902 _aGFM
942 _2lcc
_cB
999 _c6786
_d6786